Statistiken für Stadtteile von Saarbrücken mit Karte

Klicken Sie hier um das Quiz zu spielen!

Allgemein

  • Dieses Quiz wurde 102 mal gespielt
  • Das Durchschnittsergebnis liegt bei 12 aus 20

Antworten auf der Karte

Die Antworten werden auf der Karte rot bzw. grün angezeigt, abhängig davon wie oft sie richtig erraten wurden.
 

Antwortstatistiken

Stadtteile% Korrekt
Burbach
84%
Malstatt
81%
St. Johann
75%
Alt-Saarbrücken
72%
Dudweiler
72%
St. Arnual
72%
Güdingen
65%
Altenkessel
59%
Gersweiler
59%
Schafbrücke
55%
Ensheim
54%
Bübingen
52%
Klarenthal
51%
Scheidt
49%
Brebach-Fechingen
48%
Eschberg
46%
Bischmisheim
45%
Eschringen
43%
Jägersfreude
41%
Herrensohr
38%

Verteilung der Resultate

Perzentil nach korrekt beantworteten Fragen

Anzahl Personen mit jedem Resultat

Ihre Resultats-Entwicklung

Sie haben dieses Quiz noch nicht gespielt